Hamilton - Guess the Song with No Hints - Statistics

General Stats
  • This quiz has been taken 1,667 times
    279 since last reset
  • The average score is 222 of 382
Answer Stats
Answer % Correct
a
95%
I
95%
Ha!
90%
the
89%
The
89%
Ya
86%
ya
86%
you
86%
You
86%
No
82%
An
81%
do
81%
To
81%
to
81%
to-"
81%
to-
81%
We
81%
we
81%
me
80%
me,
80%
What
78%
what
78%
Whaaaat?
77%
Burr
75%
Burr,
75%
in
75%
who
74%
is
73%
Is
73%
it
73%
was
73%
where
73%
know
72%
know.
72%
that
72%
on
71%
this?
71%
this
71%
my
69%
My
69%
your
68%
and
66%
So?
66%
gwan
65%
not
65%
see
65%
see,
65%
can
64%
go.
64%
go
64%
don't
63%
have
63%
have;
63%
Are
62%
are
62%
As
62%
room
62%
of
61%
one
61%
when
61%
Mister
60%
Alexander,
59%
for
59%
sir,
59%
Reynolds
58%
tell
58%
happened...
57%
how
57%
wife
57%
even
56%
back
55%
confess
55%
(Confess!)
55%
from
55%
from.
55%
letter
55%
you're
55%
asking
54%
never
54%
done?
53%
done.
53%
done
53%
else
53%
hope
53%
James
53%
at
52%
"Dear
52%
decided
52%
If
52%
Madison
52%
saw?
52%
good
51%
President,
51%
Senator
51%
yes?
51%
yes.
51%
Yes,
51%
She
50%
she
50%
unless...
50%
(unless)
50%
all,
49%
come
49%
nothing-
49%
nothing
49%
soul
49%
Almost
48%
almost
48%
amounts
48%
like
48%
Mister
48%
promise
48%
prove
48%
Vice
48%
another
47%
anything
47%
finds
47%
money
47%
people
47%
position-
47%
position
47%
check
46%
Check
46%
different
46%
law,
46%
their
46%
accounts.
45%
broke
45%
down
45%
health
45%
our
45%
some
45%
won't
45%
immigrant
44%
way
44%
career
43%
dollars
43%
headline-
43%
paid
43%
put
43%
best
42%
daughter
42%
enough
42%
funds...
42%
government
42%
luck.
42%
pockets
42%
run
42%
thousand
42%
saved
41%
time
41%
wealth
41%
both
40%
I'd
40%
prosperous
40%
We Know
40%
again
39%
situation.
39%
Um,
39%
word
39%
by
38%
stubs
38%
apply
37%
bed,
37%
Though
37%
against
36%
only
36%
sons.
36%
use
36%
but
35%
had
35%
him
35%
next
35%
toe-
35%
toe?
35%
virtue
35%
embezzling
34%
mine.
34%
separate
34%
situated
34%
uniquely
34%
that's
33%
1791.
32%
escorted
32%
financial
32%
name.
32%
spent
32%
cent
31%
grow,
31%
seek
31%
wasn't
31%
fine.
30%
God...
30%
satisfaction?
30%
speculation.
30%
after
29%
extorted
29%
rumors
29%
answers
28%
courted
28%
evidence
28%
gain
28%
sent
28%
corner,
26%
dogs
26%
engaged
26%
scent-
26%
shame,
25%
history.
24%
list
24%
reason
24%
sullied
24%
consistency.
23%
let's
23%
orderly.
23%
sacred
23%
suggests
23%
treason
23%
committed
22%
may
22%
papers
22%
action.
21%
kept
21%
legal
21%
quarterly.
21%
record
21%
every
19%
fee
19%
provoke
19%
Gentlemen,
18%
stray
16%
prospects,
14%
wounded
14%
mission,
13%
mortally
11%
sordid
10%
checkered
6%
No matching quizzes found
Score Distribution
Percent of People with Each Score
Percentile by Number Answered
Your Score History
You have not taken this quiz since the last reset